El Parc a taula : Serralada Litoral Serralada Litoral
Publicado:
Barcelona :
Diputació de Barcelona. Àrea d'Espais Naturals. Xarxa de Parcs Naturals ,
2009
Descripción Física:
23 p. : il. col., fot. ; 21 cm
MARC
| LEADER | 00000nam a2200000Ia 4500 | ||
|---|---|---|---|
| 001 | 22304 | ||
| 008 | 160829s2009 xx 000 0 cat d | ||
| 080 | |a FU-54-26 | ||
| 245 | |a El Parc a taula : |b Serralada Litoral | ||
| 260 | |a Barcelona : |b Diputació de Barcelona. Àrea d'Espais Naturals. Xarxa de Parcs Naturals, |c 2009 | ||
| 300 | |a 23 p. : |b il. col., fot. ; |c 21 cm | ||
| 590 | |a Temporada 2009 - 2010. | ||
| 590 | |a Presentació en català i castellà | ||
| 610 | 1 | 0 | |a Parc de la Serralada Litoral (Catalunya) |v Guies |9 52710 |
| 650 | 0 | |a Turisme gastronòmic |9 44953 | |
| 710 | 1 | |a Barcelona (Catalunya : Província). |b Xarxa de Parcs Naturals |9 7250 | |
| 710 | |a Barcelona (Catalunya : Província). |b Servei de Parcs Naturals |9 53492 | ||
| 901 | |a Arxiu | ||
| 942 | |n 1 | ||
| 952 | |0 0 |1 0 |4 0 |6 FU5426 |7 1 |9 53118 |a Arxiu |b Arxiu |d 2016-12-01 |l 0 |o FU-54-26 |p 22304 |r 2016-12-01 00:00:00 |w 2016-12-01 |y ARXIU | ||
| 999 | |c 56967 |d 56967 | ||